The Mindy Project characters Quiz Stats

Quiz not verified by Sporcle

Challenge
Share
Tweet
Embed
Score 0/18 Timer 10:00
0 Plays Today
Portrayed by Character % Correct
Mindy KalingMindy Lahiri
99.9%
Chris MessinaDanny Castellano
98.2%
Ike BarinholtzMorgan Tookers
92.6%
Ed WeekJeremy Reed
82.8%
Adam PallyPeter Prentice
75.3%
Anders HolmCasey
70.6%
Zoe JarmanBetsy Punch
70.1%
Xosha RoquemoreTamara
69.2%
Beth GrantBeverly
63.9%
Portrayed by Character % Correct
Anna CampGwen Grandy
58.4%
Mark DuplassBrendan
57.1%
Josh PeckRay Ron
56.9%
Chloe SevignyChristina
53.9%
Tommy DeweyJosh Daniels
53.2%
Bill HaderTom McDougall
47.5%
Jay DuplassDuncan
43.8%
James FrancoPaul Leotard
43.7%
Amanda SettonShauna Dicanio
40.9%

You're not logged in!

Compare scores with friends on all Sporcle quizzes.
Join for Free
OR
Log In

You Might Also Like...

Show Comments

Extras

Top Quizzes Today


Score Distribution

Your Account Isn't Verified!

In order to create a playlist on Sporcle, you need to verify the email address you used during registration. Go to your Sporcle Settings to finish the process.

Report this User

Report this user for behavior that violates our Community Guidelines.

Details: